Power vocabulary [

Bibliographic Details
Main Author: Morse-Cluley, Elizabeth
Other Authors: READ, Richard
Format: Book
Published: New York : Simon & Schuster , 1990
Subjects:

MARC

LEADER 00000cam a2200000 7i4500
001 0000000031
002 000000040
005 20021108.0
020 |a 0671730169 
090 0 0 |a 423   |b MOR 
100 0 |a Morse-Cluley, Elizabeth 
245 1 0 |a Power vocabulary [  |h sound recording]   |c Elizabeth Morse-Cluley and Richard Read 
255 |a Vol. 3 
260 |a New York :   |b Simon & Schuster ,   |c 1990 
300 |a 1 sound cassette (50:00 minutes) 
650 0 0 |a Vacabulary 
700 1 |a READ, Richard 
999 |a KT0012   |b KASET   |c RUJUKAN   |e PERPUSTAKAAN KOMUNITI PETALING JAYA